Catalog

Record Details

Catalog Search



Advanced Combustion and Aerothermal Technologies Environmental Protection and Pollution Reductions  Cover Image E-book E-book

Advanced Combustion and Aerothermal Technologies [electronic resource] : Environmental Protection and Pollution Reductions / edited by Nick Syred, Artem Khalatov.

Syred, Nick. (editor.). Khalatov, Artem. (editor.). SpringerLink (Online service) (Added Author).

Electronic resources


LDR 02054nam a22004815i 4500
00113338
003CONS
00520131218211435.0
007cr nn 008mamaa
008100301s2007 ne | s |||| 0|eng d
020 . ‡a9781402065156 ‡9978-1-4020-6515-6
0247 . ‡a10.1007/978-1-4020-6515-6 ‡2doi
035 . ‡a(DE-He213)978-1-4020-6515-6
050 4. ‡aTK1001-1841
072 7. ‡aTH ‡2bicssc
072 7. ‡aTEC031000 ‡2bisacsh
1001 . ‡aSyred, Nick. ‡eeditor.
24510. ‡aAdvanced Combustion and Aerothermal Technologies ‡h[electronic resource] : ‡bEnvironmental Protection and Pollution Reductions / ‡cedited by Nick Syred, Artem Khalatov.
2463 . ‡aProceedings of the NATO Advanced Research Workshop on Advanced Combustion and Aerothermal Technologies: Environmental Protection and Pollution Reductions, Kiev, Ukraine, May 15-19, 2006.
264 1. ‡aDordrecht : ‡bSpringer Netherlands, ‡c2007.
300 . ‡bonline resource.
336 . ‡atext ‡btxt ‡2rdacontent
337 . ‡acomputer ‡bc ‡2rdamedia
338 . ‡aonline resource ‡bcr ‡2rdacarrier
347 . ‡atext file ‡bPDF ‡2rda
4901 . ‡aNATO Science for Peace and Security Series C: Environmental Security, ‡x1874-6519
650 0. ‡aEngineering.
650 0. ‡aElectric engineering.
650 0. ‡aRenewable energy sources.
650 0. ‡aEngineering economy.
650 0. ‡aEnvironmental protection.
65014. ‡aEngineering.
65024. ‡aEnergy Technology.
65024. ‡aEngineering Thermodynamics, Heat and Mass Transfer.
65024. ‡aRenewable and Green Energy.
65024. ‡aAtmospheric Protection/Air Quality Control/Air Pollution.
65024. ‡aEnergy Economics.
7001 . ‡aKhalatov, Artem. ‡eeditor.
7102 . ‡aSpringerLink (Online service)
7730 . ‡tSpringer eBooks
77608. ‡iPrinted edition: ‡z9781402065132
830 0. ‡aNATO Science for Peace and Security Series C: Environmental Security, ‡x1874-6519
85640. ‡uhttp://biblioteca.ipicyt.edu.mx:2048/login?url=http://dx.doi.org/10.1007/978-1-4020-6515-6 ‡yTexto completo ‡9CONS
950 . ‡aEngineering (Springer-11647)
901 . ‡a13338 ‡b ‡c13338 ‡tbiblio ‡sSystem Local

Additional Resources